| 000 | 00958cam a2200301 a 4500 | ||
|---|---|---|---|
| 003 | CO-BoRNBP | ||
| 005 | 20241114152724.0 | ||
| 007 | ta | ||
| 008 | 970129s1995 ck r 00011 spa d | ||
| 040 |
_ala _cla _bspa _erda |
||
| 041 | 0 | _aspa | |
| 043 | _as-ck--- | ||
| 082 | 0 | 4 |
_aCo863.6 _bA66g1 |
| 100 | 1 |
_aAponte de Torres, Silvia, _d1936-2014. _943743 |
|
| 240 | 0 | 0 | _aArauca-Bibliografía regional |
| 245 | 1 | 4 |
_aLas Guajibiadas / _cSilvia Aponte. |
| 250 | _a2a. ed. | ||
| 300 |
_a303 p. ; _c19 cm. |
||
| 336 |
_2rdacontenido _atexto _btxt |
||
| 337 |
_2rdamedio _asin mediación _bn |
||
| 338 |
_2rdasoporte _avolumen _bnc |
||
| 650 | 7 |
_aNovela colombiana. _2BLAAUTO _91193 |
|
| 650 | 7 |
_aIndígenas de Colombia _x Vida social y costumbres _v Novela. _2BLAAUTO _943744 |
|
| 651 | 7 |
_aLlanos Orientales (Colombia) _x Vida social y costumbres _v Novela. _943745 |
|
| 830 | 0 |
_aCorpes-Orinoquía-Libros _942319 |
|
| 942 |
_2ddc _cBKLIT |
||
| 949 |
_ac _bc |
||
| 999 |
_c38543 _d38543 |
||